| 000 | 01974nam a2200325 a 4500 | ||
|---|---|---|---|
| 001 | 000038017 | ||
| 003 | DO-SdBPM | ||
| 005 | 20251010140744.0 | ||
| 007 | ta | ||
| 008 | 130312s2018 dr a r 000 0 spa d | ||
| 040 |
_aDO-SdBPM _bspa _cBPMSU _drda |
||
| 082 | 4 |
_a363.7293 _bR426m 2018 _2 22 |
|
| 110 | 1 |
_aRepública Dominicana. _bOficina Nacional de Estadísticas |
|
| 245 | 1 | 0 |
_aMetodología para la medición del déficit habitacional en República Dominicana 2018 _c |
| 260 | _c | ||
| 264 |
_aSanto Domingo : _bMinisterio de Economía, Planificación y Desarrollo (MEPyD) _c2018 |
||
| 300 |
_a65 páginas : _bilustraciones ; _c68 cm. |
||
| 336 |
_atexto _btxt _2rdacontent |
||
| 337 |
_asin mediación _bn _2rdamedia |
||
| 338 |
_avolumen _bnc _2rdacarrier |
||
| 505 | 0 | _aPresentación 9 -- Aspectos conceptuales de la situación habitacional y disponibilidad de servicios en las viviendas 11 -- Antecedentes 13 -- Fuente de datos 13 -- Objetivos 14 -- Metodología 14 -- Resultados 17 -- Características estructurales de las viviendas 17 -- Contaminación ambiental 23 -- Combustible utilizado para cocinar 27 -- Provisión de energía eléctrica 29 -- Disponibilidad y uso del servicio sanitario 32 -- Provisión de agua potable por red pública dentro de la vivienda 36 -- Recolección de basura 39 -- Equipamiento del hogar 41 -- Seguridad en la tenencia de la vivienda 46 -- Hacinamiento del hogar 49 -- Caracterización de la población en condiciones desfavorables de vida 54 -- Conclusiones 63 -- Bibliografía 65. | |
| 590 | _aInventariado, 2025 / VM | ||
| 650 | 7 |
_aVivienda _zRepública Dominicana _xEstadísticas |
|
| 650 | 7 |
_aEncuestas de viviendas _zRepública Dominicana _vEstadísticas _x |
|
| 700 | 1 |
_aCáceres Ureña, Francisco I. _eeditor |
|
| 700 | 1 |
_aMartínez, Mildred G., _eeditor |
|
| 710 | 1 |
_aRepública Dominicana _bInstituto Nacional de la Vivienda (INVI) |
|
| 910 | _a VMateo V. Control de Calidad. BPMSU | ||
| 942 |
_2ddc _cBK |
||
| 999 |
_c15432 _d15432 |
||